| 000 | 00520nam a2200181Ia 4500 | ||
|---|---|---|---|
| 005 | 20250423100548.0 | ||
| 008 | 250422s9999 xx 000 0 und d | ||
| 020 | _a9789780322458 | ||
| 050 | _aP 92.N6 .P65/ | ||
| 100 | _aEdited by Umaru A. Pate, Chinenye Nwabueze & Nsikak Idiong | ||
| 245 | 0 | _aPolitics culture and the media in Nigeria | |
| 260 | _aIbadan | ||
| 260 | _bStirling-Horden Publishers Ltd. | ||
| 260 | _c2013 | ||
| 300 | _a339 p | ||
| 650 | _aPolitics, culture & the media in Nigeria | ||
| 942 | _cBK | ||
| 999 |
_c33683 _d33683 |
||